MARC details
| 000 -LEADER |
| fixed length control field |
01138cam a22002895a 4500 |
| 001 - CONTROL NUMBER |
| control field |
18114033 |
| 005 - DATE AND TIME OF LATEST TRANSACTION |
| control field |
20170104150811.0 |
| 008 - FIXED-LENGTH DATA ELEMENTS--GENERAL INFORMATION |
| fixed length control field |
140412t2014 njua frb 001 0 eng d |
| 020 ## - INTERNATIONAL STANDARD BOOK NUMBER |
| International Standard Book Number |
9781118831687 |
| 040 ## - CATALOGING SOURCE |
| Original cataloging agency |
DLC |
| Language of cataloging |
eng |
| Transcribing agency |
DLC |
| Modifying agency |
DLC |
| -- |
EG-ScBUE |
| 082 04 - DEWEY DECIMAL CLASSIFICATION NUMBER |
| Edition number |
22 |
| Classification number |
622.33810287 |
| Item number |
MEA |
| 245 00 - TITLE STATEMENT |
| Title |
Measurement while drilling (MWD) : |
| Remainder of title |
signal analysis, optimization, and design / |
| Statement of responsibility, etc |
by Wilson C. Chin ... [et al.] |
| 260 ## - PUBLICATION, DISTRIBUTION, ETC. (IMPRINT) |
| Place of publication, distribution, etc |
Hoboken : |
| Name of publisher, distributor, etc |
Scrivener Publishing / John Wiley & Sons, |
| Date of publication, distribution, etc |
c.2014. |
| 300 ## - PHYSICAL DESCRIPTION |
| Extent |
xix, 355 p. : |
| Other physical details |
ill. ; |
| Dimensions |
25 cm. |
| 500 ## - GENERAL NOTE |
| General note |
Index : p. 347-353. |
| 504 ## - BIBLIOGRAPHY, ETC. NOTE |
| Bibliography, etc |
Bibliography : p. 342-346. |
| 650 #0 - SUBJECT ADDED ENTRY--TOPICAL TERM |
| Topical term or geographic name as entry element |
Oil well logging, Electric. |
| Source of heading or term |
BUEsh |
| 650 #7 - SUBJECT ADDED ENTRY--TOPICAL TERM |
| Topical term or geographic name as entry element |
Offshore oil well drilling. |
| Source of heading or term |
BUEsh |
| 9 (RLIN) |
5117 |
| 650 #0 - SUBJECT ADDED ENTRY--TOPICAL TERM |
| Topical term or geographic name as entry element |
Orientation |
| General subdivision |
Measurement. |
| Source of heading or term |
BUEsh |
| 650 #0 - SUBJECT ADDED ENTRY--TOPICAL TERM |
| Topical term or geographic name as entry element |
Wells |
| General subdivision |
Fluid dynamics. |
| Source of heading or term |
BUEsh |
| 9 (RLIN) |
37981 |
| 650 #0 - SUBJECT ADDED ENTRY--TOPICAL TERM |
| Topical term or geographic name as entry element |
Flow meters. |
| Source of heading or term |
BUEsh |
| 651 ## - SUBJECT ADDED ENTRY--GEOGRAPHIC NAME |
| Source of heading or term |
BUEsh |
| 653 ## - INDEX TERM--UNCONTROLLED |
| Resource For college |
Engineering, Petroleum |
| Arrived date list |
January2017 |
| 700 1# - ADDED ENTRY--PERSONAL NAME |
| 9 (RLIN) |
37978 |
| Personal name |
Chin, Wilson C. |
| 776 08 - ADDITIONAL PHYSICAL FORM ENTRY |
| Display text |
Online version: |
| Main entry heading |
Chin, Wilson C. |
| Title |
Measurement while drilling (MWD) |
| Place, publisher, and date of publication |
Hoboken, New Jersey : John Wiley and Sons, Inc., [2014] |
| International Standard Book Number |
9781118831694 |
| Record control number |
(DLC) 2014014875 |
| 942 ## - ADDED ENTRY ELEMENTS (KOHA) |
| Source of classification or shelving scheme |
Dewey Decimal Classification |